[Event "2. Bundesliga Ost 2014/2015"]
[Site "1020 Wien, Haus des Schachsports, Marathonweg 14"]
[Date "2015.02.21"]
[Round "8"]
[Board "6"]
[White "Bachofner, Andreas"]
[Black "Wandl, Werner"]
[Result "1/2-1/2"]
[WhiteElo "2180"]
[BlackElo "2073"]
[PlyCount "86"]
[EventDate "2014.10.18"]
[EventType "team"]
[EventRounds "11"]
[EventCountry "AUT"]
[WhiteTeam "Blackburne Nickelsdorf"]
[BlackTeam "SC Data Technology Pressbaum/E."]

1. e4 e6 2. d4 d5 3. Nc3 Nf6 4. e5 Nfd7 5. f4 c5 6. Nf3 Nc6 7. Be3 Qb6 8. Na4
Qa5+ 9. c3 b6 10. Kf2 Ba6 11. Bxa6 Qxa6 12. b3 cxd4 13. cxd4 Ba3 14. Bc1 Bxc1
15. Qxc1 Rc8 16. Qd2 O-O 17. Rac1 f6 18. Rhe1 fxe5 19. fxe5 Ne7 20. Kg1 Rxc1
21. Rxc1 Rc8 22. Nc3 Rc7 23. a4 Qc8 24. Ne2 Rxc1+ 25. Nxc1 Nf8 26. Ne2 Nf5 27.
g4 Ne7 28. Kf2 Neg6 29. h4 Qd8 30. Kg3 h6 31. Qc3 Qd7 32. h5 Nh8 33. Nf4 Nf7
34. a5 Qe7 35. axb6 axb6 36. Qc8 Kh7 37. Nh4 Qb4 38. Nf3 Ng5 39. Nxg5+ hxg5 40.
Qc2+ Kg8 41. Ng6 Qxd4 42. Qc8 Qe3+ 43. Kg2 Qe2+ 1/2-1/2

[Event "2. Bundesliga Ost 2014/2015"]
[Site "1020 Wien, Haus des Schachsports, Marathonweg 14"]
[Date "2015.02.21"]
[Round "8"]
[Board "1"]
[White "Loeffler, Stefan"]
[Black "Bernasek, Jan"]
[Result "0-1"]
[WhiteElo "2387"]
[BlackElo "2533"]
[PlyCount "102"]
[EventDate "2014.10.18"]
[EventType "team"]
[EventRounds "11"]
[EventCountry "AUT"]
[WhiteTeam "ASVOE VHS Poechlarn"]
[BlackTeam "Zwettl"]

1. Nf3 c5 2. c4 Nc6 3. d4 cxd4 4. Nxd4 Nf6 5. Nc3 e6 6. a3 Be7 7. g3 d6 8. Bg2
Bd7 9. O-O O-O 10. Ndb5 Qb8 11. Bg5 a6 12. Bxf6 gxf6 13. Nd4 Qc7 14. Nc2 Ne5
15. Ne3 Rac8 16. Rc1 Qb8 17. Qd4 b5 18. cxb5 axb5 19. Rfd1 Rfd8 20. f4 Nc4 21.
Ng4 Kg7 22. f5 Qb6 23. Qxb6 Nxb6 24. Nf2 Nc4 25. Nd3 Ne3 26. fxe6 fxe6 27. Rd2
f5 28. Bb7 Rc7 29. Bf3 d5 30. Kf2 Nc4 31. Rdd1 Rdc8 32. Na2 Bf6 33. Rb1 Bd4+
34. Ke1 Ne3 35. Rdc1 Nc2+ 36. Kf1 e5 37. Rxc2 Rxc2 38. Bxd5 e4 39. Nf4 Bxb2 40.
Bb3 Rd2 41. Ke1 e3 42. Nd5 Bxa3 43. Nxe3 Rd6 44. Bc2 Kf6 45. Bd3 Bc5 46. Kd2
Bb6 47. Rf1 Ba5+ 48. Kd1 b4 49. Nxf5 Ba4+ 50. Kd2 Rc2+ 51. Ke3 Re6+ 0-1

[Event "2. Bundesliga Ost 2014/2015"]
[Site "1020 Wien, Haus des Schachsports, Marathonweg 14"]
[Date "2015.02.21"]
[Round "8"]
[Board "2"]
[White "Polak, Thomas"]
[Black "Weinzettl, Ernst"]
[Result "1-0"]
[WhiteElo "2513"]
[BlackElo "2297"]
[PlyCount "105"]
[EventDate "2014.10.18"]
[EventType "team"]
[EventRounds "11"]
[EventCountry "AUT"]
[WhiteTeam "Zwettl"]
[BlackTeam "ASVOE VHS Poechlarn"]

1. d4 Nf6 2. c4 g6 3. Nc3 Bg7 4. e4 d6 5. Nf3 O-O 6. Be2 e5 7. d5 a5 8. h3 Nh5
9. Nh2 Nf4 10. Bf3 f5 11. h4 c6 12. g3 Nh3 13. Qe2 cxd5 14. cxd5 b5 15. a3 Na6
16. exf5 gxf5 17. Bg2 b4 18. axb4 axb4 19. Nd1 f4 20. Be4 Qe8 21. g4 f3 22.
Nxf3 Nf4 23. Bxf4 Rxf4 24. Ng5 h6 25. Ne6 Rxe4 26. Qxe4 Nc5 27. Qb1 Rxa1 28.
Qxa1 Bxe6 29. dxe6 Qxe6 30. Qa8+ Kh7 31. Qf3 Qc4 32. Rh3 e4 33. Qf5+ Kh8 34.
Qc8+ Kh7 35. Qf5+ Kh8 36. g5 Nd3+ 37. Rxd3 exd3 38. g6 Kg8 39. h5 Be5 40. Ne3
Qc1+ 41. Nd1 Qc4 42. Qd7 d2+ 43. Kxd2 Bf4+ 44. Ke1 Qe4+ 45. Ne3 Qh1+ 46. Kd2
Qd5+ 47. Kc2 b3+ 48. Kc3 Be5+ 49. Kb4 Qc5+ 50. Kxb3 Qb6+ 51. Ka4 Qa6+ 52. Kb4
Qb6+ 53. Qb5 1-0

[Event "2. Bundesliga Ost 2014/2015"]
[Site "1020 Wien, Haus des Schachsports, Marathonweg 14"]
[Date "2015.02.21"]
[Round "8"]
[Board "3"]
[White "Ganaus, Hannes"]
[Black "Blatny, Pavel"]
[Result "1/2-1/2"]
[WhiteElo "2322"]
[BlackElo "2414"]
[PlyCount "161"]
[EventDate "2014.10.18"]
[EventType "team"]
[EventRounds "11"]
[EventCountry "AUT"]
[WhiteTeam "ASVOE VHS Poechlarn"]
[BlackTeam "Zwettl"]

1. d4 b6 2. c4 e6 3. a3 Bb7 4. Nc3 f5 5. Nf3 Be7 6. g3 Nf6 7. Bg2 Ne4 8. Bd2
Bf6 9. O-O O-O 10. Rc1 Nc6 11. Be1 Ne7 12. e3 g5 13. Ne5 d6 14. Nd3 Nxc3 15.
Bxc3 Bxg2 16. Kxg2 Qe8 17. f3 h5 18. e4 fxe4 19. fxe4 Qg6 20. Qe2 Bg7 21. Rce1
Rae8 22. Rxf8+ Rxf8 23. h3 Qe8 24. Qe3 Bh6 25. Bd2 Qc6 26. d5 Qxc4 27. Rc1 Qb5
28. Rxc7 Nxd5 29. exd5 Qxd5+ 30. Kg1 Rf3 31. Nb4 Qf5 32. Rc8+ Kh7 33. Qe1 Bg7
34. Be3 Bxb2 35. Bf2 Bxa3 36. Nc2 Bc5 37. Nd4 Bxd4 38. Bxd4 e5 39. Rc7+ Kg6 40.
Bf2 a5 41. Qe2 Qd3 42. Qa2 Qb3 43. Qe2 Qd3 44. Qa2 Qd1+ 45. Kh2 Qb3 46. Qe2 Qd5
47. Bxb6 a4 48. Rc2 Rb3 49. Rd2 Qc6 50. Bf2 Rb7 51. Qd3+ Kf6 52. g4 hxg4 53.
hxg4 e4 54. Qxd6+ Qxd6+ 55. Rxd6+ Kf7 56. Ra6 Rb2 57. Kg1 e3 58. Be1 Re2 59.
Kf1 Ra2 60. Bb4 Rf2+ 61. Ke1 Rf4 62. Rxa4 Rxg4 63. Ke2 Re4 64. Ra7+ Kg6 65. Bc5
Re6 66. Bxe3 Kf5 67. Ra5+ Re5 68. Ra8 Re6 69. Kf2 g4 70. Ra4 Re4 71. Ra3 Re6
72. Kg3 Re5 73. Rb3 Rd5 74. Rc3 Rb5 75. Ra3 Rd5 76. Ra4 Rd3 77. Rf4+ Ke5 78.
Kf2 g3+ 79. Kf3 Rb3 80. Rg4 Rd3 81. Rxg3 1/2-1/2

[Event "2. Bundesliga Ost 2014/2015"]
[Site "1020 Wien, Haus des Schachsports, Marathonweg 14"]
[Date "2015.02.21"]
[Round "8"]
[Board "4"]
[White "Vyskocil, Neklan"]
[Black "Wilke, Werner"]
[Result "1/2-1/2"]
[WhiteElo "2422"]
[BlackElo "2225"]
[PlyCount "85"]
[EventDate "2014.10.18"]
[EventType "team"]
[EventRounds "11"]
[EventCountry "AUT"]
[WhiteTeam "Zwettl"]
[BlackTeam "ASVOE VHS Poechlarn"]

1. c4 c5 2. Nf3 Nc6 3. d4 cxd4 4. Nxd4 e5 5. Nc2 f5 6. Nc3 Nf6 7. Bg5 Be7 8. e3
O-O 9. Be2 d6 10. O-O Be6 11. Qd2 Ne8 12. Bxe7 Nxe7 13. Rfd1 a6 14. Nb4 Rc8 15.
Nbd5 Nxd5 16. Nxd5 Nf6 17. Nxf6+ Rxf6 18. Rac1 Bf7 19. b3 Qe7 20. Rc3 Rd8 21.
f4 Re8 22. fxe5 dxe5 23. Qd7 Qb4 24. Rcd3 Qb6 25. Kh1 e4 26. Rd4 f4 27. exf4
Rxf4 28. Qd6 Qxd6 29. Rxd6 Rf2 30. Re1 Bg6 31. Kg1 e3 32. Bf3 Rxa2 33. Bxb7 Be4
34. Bxe4 Rxe4 35. Rd3 e2 36. Kf2 Re6 37. Re3 Rf6+ 38. Kg3 Rb6 39. Kf2 Rb2 40.
R1xe2 R6xb3 41. Re8+ Kf7 42. R8e7+ Kf8 43. Re8+ 1/2-1/2

[Event "2. Bundesliga Ost 2014/2015"]
[Site "1020 Wien, Haus des Schachsports, Marathonweg 14"]
[Date "2015.02.21"]
[Round "8"]
[Board "5"]
[White "Ernst, Michael"]
[Black "Lipp, Alfred"]
[Result "1-0"]
[WhiteElo "2134"]
[BlackElo "2118"]
[PlyCount "67"]
[EventDate "2014.10.18"]
[EventType "team"]
[EventRounds "11"]
[EventCountry "AUT"]
[WhiteTeam "ASVOE VHS Poechlarn"]
[BlackTeam "Zwettl"]

1. d4 d5 2. Nf3 e6 3. e3 Nf6 4. Bd3 Be7 5. O-O O-O 6. Nbd2 b6 7. Ne5 Bb7 8. b3
c5 9. Bb2 Nbd7 10. Qe2 Qc7 11. Rac1 a6 12. Rfd1 Rfe8 13. c4 Bd6 14. f4 Nf8 15.
dxc5 bxc5 16. Ng4 Nxg4 17. Qxg4 d4 18. Rf1 e5 19. Ne4 Bxe4 20. Bxe4 Rad8 21.
Bd5 exf4 22. exd4 Ng6 23. Kh1 Re3 24. Rce1 Rde8 25. Rxe3 Rxe3 26. h3 Qe7 27.
dxc5 Re1 28. Qf3 Bxc5 29. Bc1 Nh4 30. Qxf4 Rxf1+ 31. Qxf1 Bd6 32. Bd2 Qe5 33.
Qxf7+ Kh8 34. Qg8# 1-0

[Event "2. Bundesliga Ost 2014/2015"]
[Site "1020 Wien, Haus des Schachsports, Marathonweg 14"]
[Date "2015.02.21"]
[Round "8"]
[Board "6"]
[White "Wagner, Stefan"]
[Black "Gratze, Michael"]
[Result "1-0"]
[WhiteElo "2143"]
[BlackElo "2017"]
[PlyCount "91"]
[EventDate "2014.10.18"]
[EventType "team"]
[EventRounds "11"]
[EventCountry "AUT"]
[WhiteTeam "Zwettl"]
[BlackTeam "ASVOE VHS Poechlarn"]

1. Nf3 Nf6 2. g3 g6 3. Bg2 Bg7 4. c4 O-O 5. Nc3 d5 6. cxd5 Nxd5 7. O-O Nb6 8.
d3 Nc6 9. Be3 h6 10. Qd2 Kh7 11. Rac1 f5 12. Bc5 Rf7 13. b4 Nd7 14. Na4 e5 15.
b5 Ne7 16. Qc2 a6 17. Bxe7 Rxe7 18. Qxc7 Qxc7 19. Rxc7 axb5 20. Nb6 Nxb6 21.
Rxe7 Rxa2 22. Nxe5 Rxe2 23. Nxg6 Rc2 24. Nf4 Kg8 25. Rfe1 Bf8 26. Re8 Bd7 27.
Rd8 Kg7 28. Nd5 Bc6 29. Ne3 Ra2 30. Nxf5+ Kf7 31. Nd6+ Bxd6 32. Rxd6 b4 33.
Bxc6 bxc6 34. Rxc6 Nd5 35. Rb1 Ra3 36. Rd6 Rxd3 37. Rxd5 Rxd5 38. Rxb4 Kg6 39.
Kg2 h5 40. h3 Ra5 41. Rb6+ Kg7 42. g4 h4 43. Re6 Rb5 44. Kf3 Rb1 45. Re5 Rb6
46. Rh5 1-0

[Event "2. Bundesliga Ost 2014/2015"]
[Site "1020 Wien, Haus des Schachsports, Marathonweg 14"]
[Date "2015.02.21"]
[Round "8"]
[Board "1"]
[White "Lipka, Juraj"]
[Black "Baumegger, Siegfried"]
[Result "1-0"]
[WhiteElo "2412"]
[BlackElo "2465"]
[PlyCount "71"]
[EventDate "2014.10.18"]
[EventType "team"]
[EventRounds "11"]
[EventCountry "AUT"]
[WhiteTeam "ASVOE Pamhagen"]
[BlackTeam "tschaturanga"]

1. d4 Nf6 2. Nf3 e6 3. e3 c5 4. Bd3 b6 5. O-O Bb7 6. b3 Nc6 7. Bb2 Be7 8. a3
O-O 9. Nbd2 a5 10. c4 a4 11. bxa4 cxd4 12. exd4 d5 13. Ne5 Na5 14. Re1 Ra7 15.
Rc1 Qa8 16. c5 bxc5 17. dxc5 Nc6 18. Bb5 Rc8 19. Nxc6 Bxc6 20. Nb3 Be8 21. Qd4
Rb7 22. Qd3 Ne4 23. f3 Bxb5 24. axb5 Nxc5 25. Nxc5 Rxc5 26. Qd4 e5 27. Qxe5 Bf8
28. Rxc5 Bxc5+ 29. Kf1 Bf8 30. Qxd5 Qb8 31. a4 Qxh2 32. Be5 Qh1+ 33. Kf2 Qh4+
34. Bg3 Qb4 35. Re8 Re7 36. Rxf8+ 1-0

[Event "2. Bundesliga Ost 2014/2015"]
[Site "1020 Wien, Haus des Schachsports, Marathonweg 14"]
[Date "2015.02.21"]
[Round "8"]
[Board "2"]
[White "Weber, Gerold"]
[Black "Kochetkova, Julia"]
[Result "1-0"]
[WhiteElo "2376"]
[BlackElo "2327"]
[PlyCount "109"]
[EventDate "2014.10.18"]
[EventType "team"]
[EventRounds "11"]
[EventCountry "AUT"]
[WhiteTeam "tschaturanga"]
[BlackTeam "ASVOE Pamhagen"]

1. c4 e5 2. Nc3 Nc6 3. g3 d6 4. Bg2 Be6 5. d3 Qd7 6. Bd2 Be7 7. Rb1 Nf6 8. Nd5
O-O 9. b4 Nd8 10. e4 c6 11. Nxe7+ Qxe7 12. b5 cxb5 13. Rxb5 Nc6 14. Ne2 a6 15.
Rb2 b5 16. cxb5 axb5 17. Nc3 Bg4 18. Qb1 Nd4 19. O-O b4 20. Nd1 Be2 21. Re1 Qe6
22. Bxb4 Nf3+ 23. Bxf3 Bxf3 24. Re3 Bxd1 25. Qxd1 Rfd8 26. a3 d5 27. Qf1 dxe4
28. dxe4 Rd4 29. f3 Rad8 30. Re1 h5 31. h4 Rd3 32. Rbe2 Ne8 33. Re3 R3d4 34.
Kh2 Nc7 35. Rc1 Na6 36. Ba5 R8d6 37. Qe2 Qd7 38. Rc2 Rd1 39. Kg2 Ra1 40. Be1
Rdd1 41. Qxa6 Rxe1 42. Qc8+ Qxc8 43. Rxc8+ Kh7 44. Rxe1 Rxe1 45. Kf2 Ra1 46.
Rc3 Ra2+ 47. Ke3 Rg2 48. Rc5 f6 49. a4 Kh6 50. a5 Ra2 51. Kd3 Ra3+ 52. Kc2 g5
53. Kb2 Rxf3 54. a6 Rd3 55. Rd5 1-0

[Event "2. Bundesliga Ost 2014/2015"]
[Site "1020 Wien, Haus des Schachsports, Marathonweg 14"]
[Date "2015.02.21"]
[Round "8"]
[Board "3"]
[White "Vitouch, Anatol"]
[Black "Karner, Christoph"]
[Result "0-1"]
[WhiteElo "2314"]
[BlackElo "2333"]
[PlyCount "88"]
[EventDate "2014.10.18"]
[EventType "team"]
[EventRounds "11"]
[EventCountry "AUT"]
[WhiteTeam "ASVOE Pamhagen"]
[BlackTeam "tschaturanga"]

1. g3 Nf6 2. Bg2 d5 3. Nf3 e6 4. O-O Be7 5. c4 O-O 6. b3 c5 7. Bb2 Nc6 8. e3 d4
9. exd4 cxd4 10. Re1 Ne8 11. d3 f6 12. Na3 e5 13. Nc2 Nc7 14. a3 a5 15. Qd2 Na6
16. b4 Nc7 17. b5 Nb8 18. Qe2 Re8 19. Nd2 Nd7 20. Qf1 Nc5 21. f4 Na4 22. Bc1
Bd6 23. Ne4 Ne6 24. fxe5 fxe5 25. Qe2 Nc3 26. Nxc3 dxc3 27. Be3 Rb8 28. Bd5 b6
29. Qg2 Qc7 30. Rad1 Bb7 31. d4 Bxd5 32. Qxd5 Rbd8 33. Kh1 Bf8 34. Qxe5 Qxc4
35. d5 Nc5 36. Qd4 Qb3 37. Na1 Qxa3 38. Qc4 Re4 39. Bd4 Qb4 40. Qxb4 Rxe1+ 41.
Rxe1 axb4 42. Bxc5 bxc5 43. Rd1 Bd6 44. Nb3 Rb8 0-1

[Event "2. Bundesliga Ost 2014/2015"]
[Site "1020 Wien, Haus des Schachsports, Marathonweg 14"]
[Date "2015.02.21"]
[Round "8"]
[Board "4"]
[White "Wukits, Rene"]
[Black "Alvir, Aco"]
[Result "0-1"]
[WhiteElo "2348"]
[BlackElo "2343"]
[PlyCount "64"]
[EventDate "2014.10.18"]
[EventType "team"]
[EventRounds "11"]
[EventCountry "AUT"]
[WhiteTeam "tschaturanga"]
[BlackTeam "ASVOE Pamhagen"]

1. d4 Nf6 2. Nf3 g6 3. c4 Bg7 4. Nc3 O-O 5. e4 d6 6. Be2 e5 7. d5 a5 8. Bg5 h6
9. Bh4 Na6 10. Nd2 Bd7 11. a3 Qb8 12. Rb1 Nc5 13. b3 Nh5 14. Bxh5 Nd3+ 15. Kf1
gxh5 16. Qc2 Nf4 17. f3 f5 18. exf5 Bxf5 19. Nde4 Qe8 20. Rb2 c6 21. Ke1 cxd5
22. cxd5 Rc8 23. Qd2 Qg6 24. Kd1 b5 25. Re1 b4 26. axb4 axb4 27. Na4 Bxe4 28.
Rxe4 Qf7 29. Rxb4 e4 30. fxe4 Bxb2 31. Nxb2 Qg6 32. Bg3 Qg4+ 0-1

[Event "2. Bundesliga Ost 2014/2015"]
[Site "1020 Wien, Haus des Schachsports, Marathonweg 14"]
[Date "2015.02.21"]
[Round "8"]
[Board "5"]
[White "Travenec, Igor"]
[Black "Kreindl, Helmut"]
[Result "1/2-1/2"]
[WhiteElo "2221"]
[BlackElo "2219"]
[PlyCount "63"]
[EventDate "2014.10.18"]
[EventType "team"]
[EventRounds "11"]
[EventCountry "AUT"]
[WhiteTeam "ASVOE Pamhagen"]
[BlackTeam "tschaturanga"]

1. e4 d5 2. exd5 Qxd5 3. Nc3 Qd6 4. d4 Nf6 5. Nf3 c6 6. Be2 Bg4 7. O-O e6 8.
Ne5 Bxe2 9. Nxe2 Nbd7 10. Bf4 Nxe5 11. dxe5 Qxd1 12. Raxd1 Nd5 13. Bc1 Be7 14.
c4 Nb6 15. b3 O-O 16. Be3 Rfd8 17. Nc3 f5 18. exf6 gxf6 19. f3 f5 20. Kf2 Kf7
21. Rxd8 Rxd8 22. Rd1 Rxd1 23. Nxd1 e5 24. Ke2 Nc8 25. g4 Ke6 26. Nf2 b6 27.
gxf5+ Kxf5 28. Ne4 h5 29. Kd3 h4 30. h3 Bb4 31. Bf2 Be7 32. Be3 1/2-1/2

[Event "2. Bundesliga Ost 2014/2015"]
[Site "1020 Wien, Haus des Schachsports, Marathonweg 14"]
[Date "2015.02.21"]
[Round "8"]
[Board "6"]
[White "Srienz, Christian"]
[Black "Hapala, Elisabeth"]
[Result "1/2-1/2"]
[WhiteElo "2255"]
[BlackElo "2077"]
[PlyCount "147"]
[EventDate "2014.10.18"]
[EventType "team"]
[EventRounds "11"]
[EventCountry "AUT"]
[WhiteTeam "tschaturanga"]
[BlackTeam "ASVOE Pamhagen"]

1. c4 e5 2. g3 Nf6 3. Bg2 d5 4. cxd5 Nxd5 5. Nf3 Nc6 6. Nc3 Nb6 7. O-O Be7 8.
a3 O-O 9. b4 Be6 10. Rb1 f6 11. d3 Nd4 12. Nd2 c6 13. e3 Nf5 14. Qc2 Nd5 15.
Nb3 Nxc3 16. Qxc3 Nd6 17. a4 Qc8 18. Nc5 Bh3 19. Rd1 Bxg2 20. Kxg2 Nf7 21. Qc4
Kh8 22. Qe6 Qxe6 23. Nxe6 Rfc8 24. Bd2 Nd8 25. Nc5 b6 26. Nb3 Ne6 27. f4 exf4
28. gxf4 f5 29. e4 Bd6 30. e5 Be7 31. Rbc1 Rc7 32. Rc4 Kg8 33. Rdc1 Rac8 34. d4
Kf7 35. Be3 Bd8 36. Nd2 Ke8 37. b5 cxb5 38. axb5 Rxc4 39. Rxc4 Rxc4 40. Nxc4 g6
41. Kf3 Nc7 42. Nd6+ Kd7 43. Bf2 Be7 44. Nf7 Ke6 45. Nh6 Nxb5 46. h4 Nc7 47. h5
a5 48. Ng8 a4 49. hxg6 hxg6 50. Be1 Nd5 51. Bd2 Ba3 52. Ke2 Bb2 53. Kd3 a3 54.
Kc2 b5 55. Kb3 b4 56. Nf6 Nxf6 57. exf6 Kxf6 58. d5 Bc3 59. Bxc3+ bxc3 60. Kxa3
Ke7 61. Kb3 Kd6 62. Kxc3 Kxd5 63. Kd3 Kd6 64. Kd2 Ke6 65. Ke2 Kf6 66. Kf2 Ke7
67. Ke3 Ke6 68. Ke2 Kf7 69. Kf3 Kf6 70. Kf2 Kg7 71. Kg3 Kh6 72. Kh4 Kg7 73. Kg3
Kf6 74. Kf2 1/2-1/2

[Event "2. Bundesliga Ost 2014/2015"]
[Site "1020 Wien, Haus des Schachsports, Marathonweg 14"]
[Date "2015.02.21"]
[Round "8"]
[Board "1"]
[White "Hangweyrer, Manfred"]
[Black "Chytilek, Roman"]
[Result "1-0"]
[WhiteElo "2362"]
[BlackElo "2362"]
[PlyCount "53"]
[EventDate "2014.10.18"]
[EventType "team"]
[EventRounds "11"]
[EventCountry "AUT"]
[WhiteTeam "SK Austria"]
[BlackTeam "SV Stockerau"]

1. Nf3 Nf6 2. c4 g6 3. b3 Bg7 4. Bb2 d6 5. d4 Bg4 6. e3 e5 7. dxe5 Nfd7 8. Be2
dxe5 9. Nc3 O-O 10. Qd2 Nc5 11. Rd1 Qxd2+ 12. Rxd2 Nc6 13. h3 Bxf3 14. gxf3
Rfc8 15. Nd5 Bf8 16. h4 h5 17. f4 Ne4 18. Rd1 exf4 19. Bf3 f5 20. Bxe4 fxe4 21.
Nxf4 Kf7 22. Rg1 Bd6 23. Rxg6 Rg8 24. Rf6+ Ke8 25. Ke2 Rg4 26. Nxh5 Rxh4 27.
Ng7+ 1-0

[Event "2. Bundesliga Ost 2014/2015"]
[Site "1020 Wien, Haus des Schachsports, Marathonweg 14"]
[Date "2015.02.21"]
[Round "8"]
[Board "2"]
[White "Groetz, Harald"]
[Black "Liedl, Wolfgang"]
[Result "0-1"]
[WhiteElo "2309"]
[BlackElo "2226"]
[PlyCount "82"]
[EventDate "2014.10.18"]
[EventType "team"]
[EventRounds "11"]
[EventCountry "AUT"]
[WhiteTeam "SV Stockerau"]
[BlackTeam "SK Austria"]

1. e4 e6 2. d4 d5 3. Nd2 c5 4. exd5 Qxd5 5. Ngf3 cxd4 6. Bc4 Qd6 7. O-O Nf6 8.
Nb3 Nc6 9. Nbxd4 Nxd4 10. Nxd4 a6 11. Bb3 Qc7 12. Re1 Bd6 13. h3 Bh2+ 14. Kh1
Bf4 15. Qf3 Bxc1 16. Raxc1 O-O 17. c4 Rd8 18. Red1 e5 19. Nf5 Rxd1+ 20. Rxd1
Bxf5 21. Qxf5 a5 22. Qd3 Rc8 23. Ba4 h6 24. Bb5 b6 25. Qf5 e4 26. a3 Rd8 27.
Rxd8+ Qxd8 28. Qe5 Kh7 29. b4 axb4 30. axb4 Qd3 31. Kh2 Qd2 32. c5 bxc5 33.
bxc5 Qxf2 34. c6 e3 35. Bd3+ g6 36. Qd4 Nh5 37. Qg4 Nf4 38. c7 Nxd3 39. c8=Q e2
40. Qc3 e1=Q 41. Qxe1 Nxe1 0-1

[Event "2. Bundesliga Ost 2014/2015"]
[Site "1020 Wien, Haus des Schachsports, Marathonweg 14"]
[Date "2015.02.21"]
[Round "8"]
[Board "3"]
[White "Poecksteiner, Johann"]
[Black "Pernerstorfer, Johannes"]
[Result "1-0"]
[WhiteElo "2166"]
[BlackElo "2101"]
[PlyCount "131"]
[EventDate "2014.10.18"]
[EventType "team"]
[EventRounds "11"]
[EventCountry "AUT"]
[WhiteTeam "SK Austria"]
[BlackTeam "SV Stockerau"]

1. d4 Nf6 2. c4 e6 3. Nc3 Bb4 4. g3 O-O 5. Bg2 d5 6. Qb3 c5 7. dxc5 Nc6 8. Bg5
Nd4 9. Qd1 dxc4 10. Nf3 Bxc5 11. O-O h6 12. Bxf6 Qxf6 13. Ne4 Nxf3+ 14. Bxf3
Qe7 15. Rc1 f5 16. Nxc5 Qxc5 17. Qc2 e5 18. Qxc4+ Qxc4 19. Rxc4 e4 20. Bh5 Bd7
21. Rd1 Bc6 22. e3 Bb5 23. Rc5 Bd3 24. Rc7 Rf6 25. Rdc1 b5 26. Rd7 Bc4 27. b3
Be6 28. Rb7 g6 29. Be2 a6 30. Kf1 Rd8 31. Ke1 Rd6 32. Rcc7 Rf7 33. Bd1 Rxc7 34.
Rxc7 Kf8 35. Rh7 h5 36. Rc7 Ke8 37. h4 Bd5 38. a3 Kd8 39. Rg7 a5 40. Ra7 Rb6
41. Rxa5 Kc7 42. Be2 Bc6 43. Kd2 Bd7 44. Ra7+ Kd6 45. Kc3 Rc6+ 46. Kb2 Rc5 47.
b4 Rd5 48. Kc3 Ke5 49. Ra6 Rd6 50. Rxd6 Kxd6 51. Kd4 Be8 52. Bd1 Bc6 53. Bb3
Be8 54. Bd5 Ke7 55. Kc5 Kf6 56. Kd6 g5 57. Bc6 Bxc6 58. Kxc6 gxh4 59. gxh4 f4
60. Kxb5 Kf5 61. Kc4 Kg4 62. Kd4 Kxh4 63. b5 Kh3 64. b6 Kg2 65. b7 Kxf2 66.
b8=Q 1-0

[Event "2. Bundesliga Ost 2014/2015"]
[Site "1020 Wien, Haus des Schachsports, Marathonweg 14"]
[Date "2015.02.21"]
[Round "8"]
[Board "4"]
[White "Gajic, Zoran"]
[Black "Higatsberger, Michael"]
[Result "0-1"]
[WhiteElo "2106"]
[BlackElo "2137"]
[PlyCount "120"]
[EventDate "2014.10.18"]
[EventType "team"]
[EventRounds "11"]
[EventCountry "AUT"]
[WhiteTeam "SV Stockerau"]
[BlackTeam "SK Austria"]

1. e4 d5 2. exd5 Qxd5 3. Nc3 Qd8 4. d4 Nf6 5. Bc4 a6 6. a4 Nc6 7. Nge2 e5 8.
dxe5 Qxd1+ 9. Nxd1 Nxe5 10. Ba2 Bb4+ 11. Nec3 Be6 12. Bxe6 fxe6 13. O-O O-O-O
14. Re1 Nc6 15. Bg5 Nd4 16. Rc1 Rhe8 17. Kf1 h6 18. Bh4 Nf5 19. Bg3 Nxg3+ 20.
hxg3 Nd5 21. Re4 Bxc3 22. Nxc3 Nxc3 23. bxc3 Rd5 24. Ke2 Rc5 25. c4 Ra5 26. Ra1
e5 27. Kd3 b6 28. Kc3 Rf8 29. f3 Rf6 30. Kb3 Rd6 31. Re2 Rc5 32. c3 Rg6 33. g4
Rf6 34. Re3 Rf4 35. Rae1 Rfxc4 36. Kb2 Rxa4 37. Rxe5 Rac4 38. Re8+ Kb7 39. R1e3
a5 40. R8e4 Rxe4 41. Rxe4 Rd5 42. Kc2 Kc6 43. c4 Rd7 44. Re6+ Kc5 45. Kc3 c6
46. g5 b5 47. cxb5 cxb5 48. gxh6 b4+ 49. Kc2 gxh6 50. Rxh6 a4 51. Rh5+ Kc4 52.
Rh4+ Rd4 53. Rxd4+ Kxd4 54. g4 b3+ 55. Kb2 Kc4 56. g5 a3+ 57. Kxa3 Kc3 58. g6
b2 59. g7 b1=Q 60. g8=Q Qb4+ 0-1

[Event "2. Bundesliga Ost 2014/2015"]
[Site "1020 Wien, Haus des Schachsports, Marathonweg 14"]
[Date "2015.02.21"]
[Round "8"]
[Board "5"]
[White "Steiner, Johann"]
[Black "Stanivukovic, Drago"]
[Result "1/2-1/2"]
[WhiteElo "2060"]
[BlackElo "1951"]
[PlyCount "136"]
[EventDate "2014.10.18"]
[EventType "team"]
[EventRounds "11"]
[EventCountry "AUT"]
[WhiteTeam "SK Austria"]
[BlackTeam "SV Stockerau"]

1. e4 d6 2. g3 g6 3. Bg2 Bg7 4. Ne2 c5 5. O-O Nc6 6. d3 h5 7. c3 h4 8. f4 hxg3
9. hxg3 Bg4 10. Kf2 Rh2 11. Rh1 Rh6 12. Nd2 e5 13. Nf3 Bxf3 14. Bxf3 exf4 15.
Bxf4 g5 16. Be3 Qf6 17. Kg2 Ne5 18. Ng1 Rxh1 19. Kxh1 Nh6 20. Be2 O-O-O 21. Nh3
g4 22. Bg5 Qg6 23. Bxd8 gxh3 24. Bh4 Nhg4 25. Bxg4+ Nxg4 26. Qf3 Ne5 27. Qf1
Qg4 28. Re1 Bh6 29. Qf6 b6 30. d4 Bg7 31. Qf5+ Qxf5 32. exf5 cxd4 33. cxd4 Nc6
34. d5 Ne5 35. Rc1+ Kd7 36. b3 Nd3 37. Rc4 b5 38. Rc6 Bd4 39. a4 bxa4 40. bxa4
Bc5 41. Kh2 Nb4 42. Kxh3 Nxd5 43. Rxc5 dxc5 44. g4 f6 45. Bf2 Kc6 46. Kh4 Nc3
47. Kh5 Ne4 48. Be3 Kd5 49. Kg6 a6 50. g5 fxg5 51. Bxg5 c4 52. f6 Nxg5 53. Kxg5
c3 54. f7 c2 55. f8=Q c1=Q+ 56. Kg4 Qc4+ 57. Qf4 Kc5 58. Kf3 Qxf4+ 59. Kxf4 Kb4
60. Ke3 Kxa4 61. Kd2 Ka3 62. Kc1 Ka2 63. Kc2 a5 64. Kc1 a4 65. Kc2 a3 66. Kc1
Kb3 67. Kb1 a2+ 68. Ka1 Ka3 1/2-1/2

[Event "2. Bundesliga Ost 2014/2015"]
[Site "1020 Wien, Haus des Schachsports, Marathonweg 14"]
[Date "2015.02.21"]
[Round "8"]
[Board "6"]
[White "Riegler, Rene"]
[Black "Iro, Christian"]
[Result "1-0"]
[WhiteElo "2030"]
[BlackElo "1934"]
[PlyCount "51"]
[EventDate "2014.10.18"]
[EventType "team"]
[EventRounds "11"]
[EventCountry "AUT"]
[WhiteTeam "SV Stockerau"]
[BlackTeam "SK Austria"]

1. e4 c5 2. c3 d5 3. exd5 Qxd5 4. d4 Nf6 5. Nf3 e6 6. a3 Nc6 7. Bd3 Be7 8. O-O
O-O 9. Be3 Rd8 10. Qe2 cxd4 11. cxd4 a6 12. Nc3 Qd6 13. Rad1 b5 14. Rfe1 Bb7
15. Bb1 b4 16. axb4 Nxb4 17. Bg5 Rac8 18. Ne5 Nfd5 19. Bxh7+ Kxh7 20. Qh5+ Kg8
21. Qxf7+ Kh7 22. Ne4 Qc7 23. Rc1 Nc2 24. Re2 Qa5 25. Bh6 Rg8 26. Qg6+ 1-0